Central Library OPAC University of Rajshahi

The Nuer : (Record no. 72525)

MARC details
000 -LEADER
fixed length control field 00794nam a2200229 a 4500
001 - CONTROL NUMBER
control field 72525
003 - CONTROL NUMBER IDENTIFIER
rucl marc code BD-RjUL
005 - DATE AND TIME OF LATEST TRANSACTION
control field 20211209082255.0
008 - FIXED-LENGTH DATA ELEMENTS--GENERAL INFORMATION
fixed length control field 170520r19681940enkab 001 0 eng d
020 ## - INTERNATIONAL STANDARD BOOK NUMBER
International Standard Book Number 0198740018
035 ## - SYSTEM CONTROL NUMBER
System control number (BD-RjUL)72743
040 ## - CATALOGING SOURCE
Original cataloging agency TVP
Transcribing agency TVP
Modifying agency EQO
-- BD-RjUL
Language of cataloging eng
041 ## - LANGUAGE CODE
Language code of text/sound track or separate title eng
082 ## - DEWEY DECIMAL CLASSIFICATION NUMBER
Edition number 23
Classification number 305.8965
Author mark and year EVN 1968
100 1# - MAIN ENTRY--PERSONAL NAME
Personal name Evans-Pritchard, E. E.
Fuller form of name (Edward Evan),
Dates associated with a name 1902-1973.
9 (RLIN) 169887
245 14 - TITLE STATEMENT
Title The Nuer :
Remainder of title a description of the modes of livelihood and political institutions of a Nilotic people /
Statement of responsibility, etc. E. E. Evans-Pritchard.
260 ## - PUBLICATION, DISTRIBUTION, ETC. (IMPRINT)
Place of publication, distribution, etc. Oxford :
Name of publisher, distributor, etc. Clarendon Press,
Date of publication, distribution, etc. c1940 [Reprinted 1968]
300 ## - PHYSICAL DESCRIPTION
Pagination viii, 271 p., [30] p :
Illustrations ill. ;
Size 23 cm.
504 ## - BIBLIOGRAPHY, ETC. NOTE
Bibliography, etc Includes bibliography and index.
650 #0 - SUBJECT ADDED ENTRY--TOPICAL TERM
Topical term or geographic name as entry element Nuer (African people)
9 (RLIN) 214501
942 ## - ADDED ENTRY ELEMENTS (KOHA)
Source of classification or shelving scheme Dewey Decimal Classification
Koha item type Books
Holdings
Lost status Source of classification or shelving scheme Damaged status Not for loan Collection code Permanent Location Current Location Shelving location Date acquired Source of acquisition Cost, normal purchase price Total Checkouts Full call number Date last seen Copy number Koha item type
  Dewey Decimal Classification   Not For Loan Non-fiction Central Library, University of Rajshahi Central Library, University of Rajshahi Reading Room 11/02/1970 Zeithlinger 18.00   305.8965 EVN 1968 20/05/2017 C-1 Books
  Dewey Decimal Classification     Non-fiction Central Library, University of Rajshahi Central Library, University of Rajshahi   02/09/1970 Zeithlinger 18.00   305.8965 EVN 1968 20/05/2017 C-2 Books